01163nam a2200193Ia 4500001001000000003001000010008004100020040002500061041001400086100003600100245003800136250001100174260009300185300002800278500026000306501011400566520026000680650002900940L232-6825IT-CnALBA170116s9999||||xx |||||||||||||| ||und|| aIT-CnALBAcIT-CnALBA aFRANCESE  aTOMMASO D'AQUINOgSANTO DOTTORE 0aLES MERVEILLES DE L'EUCHARISTIE.  a1a ed. aBRUGES & PARISbDESCLEE DE BROUWER ET C. c1886 [1° Ed.:1886 - Ed.Ling.Originale: 1886] a250 p. (prefazione: 16) aCURATORE HUMBERT CANONICO. TRANSUSTANZIAZIONE. DIMENSIONE. ACCIDENTI. RELAZIONE TRA SACRAMENTO E MATERIA. EFFETTI DEL SACRAMENTO. CRISTO E L'EUCARESTIA. CANONE DELLA MESSA. NOTE SULL'EUCARESTIA. PREGHIERE EUCARISTICHE. CENA PASQUALE. BANCHETTO DEL SIGNORE aSocietà San Paolo EM - Piazza San Paolo, 14 - 12051 ALBA (CN) (non commercial uses only) ® Copyright 2017 aCURATORE HUMBERT CANONICO. TRANSUSTANZIAZIONE. DIMENSIONE. ACCIDENTI. RELAZIONE TRA SACRAMENTO E MATERIA. EFFETTI DEL SACRAMENTO. CRISTO E L'EUCARESTIA. CANONE DELLA MESSA. NOTE SULL'EUCARESTIA. PREGHIERE EUCARISTICHE. CENA PASQUALE. BANCHETTO DEL SIGNORE aVITA E MISTERO DI CRISTO